00492 2200193 4500001002100000005001700021035002400038040001200062090002300074100002100097245005200118260002700170300002800197650001000225850001200235990001700247990001700264990001700281YOGYA00000000009693920141020130747.0 0010-081400000096656 aYOPDYOG aNUS 899.2213 Dar S aDamar Shashangka aSabda Palon : Geger MajapahitcDamar Shashangka aJakartabDolphinc2013 a447 hlm.bilus.c21 cm. aFiksi aYOPDYOG a1181-PD/B.13 a1180-PD/B.13 a1182-PD/B.13